From global migration to local development: reflections on diaspora engagement for effective development /
Gorde:
| Egile nagusia: | |
|---|---|
| Formatua: | Texto |
| Etiketak: |
Etiketa erantsi
Etiketarik gabe, Izan zaitez lehena erregistro honi etiketa jartzen!
|
MARC
| LEADER | 00000 a a2200000 04500 | ||
|---|---|---|---|
| 001 | 48537 | ||
| 003 | |||
| 040 | |||
| 100 | |a Sinatti, Giulia | ||
| 245 | |a From global migration to local development: |b reflections on diaspora engagement for effective development / |c Giulia Sinatti | ||
| 773 | |a volumen14, número1, (2012), páginas 15-17 : foto | ||
| 999 | |c 24588 |d 24588 | ||
